[Event "4NCL Rapid Indiv 2014"]
[Site "Daventry ENG"]
[Date "2014.10.05"]
[Round "7.4"]
[White "Emerson, Roger"]
[Black "Rendle, Thomas E"]
[Result "1-0"]
[BlackTitle "IM"]
[WhiteElo "2184"]
[BlackElo "2383"]
[WhiteFideId "424099"]
[BlackFideId "408760"]
[EventDate "2014.10.05"]

1. e4 e6 2. d4 d5 3. Nd2 Nc6 4. Ngf3 Nf6 5. e5 Nd7 6. Bb5 Be7 7. O-O a5 8. Re1
Na7 9. Bd3 c5 10. c3 b5 11. dxc5 Nxc5 12. Nb3 Nxd3 13. Qxd3 O-O 14. Be3 b4 15.
Bc5 Nc6 16. Bxe7 Qxe7 17. Nbd4 Nxd4 18. Qxd4 Ba6 19. Rac1 Rfc8 20. cxb4 axb4 21.
Nd2 h6 22. h4 Bb5 23. Rxc8+ Rxc8 24. Re3 Bc4 25. a3 bxa3 26. bxa3 Ba6 27. Rg3
Qc5 28. Qg4 g6 29. Nb3 Qc4 30. Nd4 Qf1+ 31. Kh2 Rc4 32. Qf4 Qb1 33. Rf3 Qb7 34.
Qf6 Rxd4 35. Qd8+ Kh7 36. Qf8 Rxh4+ 37. Kg3 Rg4+ 38. Kh3 Be2 39. Rxf7+ 1-0

[Event "4NCL Rapid Indiv 2014"]
[Site "Daventry ENG"]
[Date "2014.10.05"]
[Round "7.5"]
[White "Pritchett, Craig W"]
[Black "Hall, John"]
[Result "1/2-1/2"]
[WhiteTitle "IM"]
[BlackTitle "FM"]
[WhiteElo "2315"]
[BlackElo "2264"]
[WhiteFideId "2400065"]
[BlackFideId "401102"]
[EventDate "2014.10.05"]

1. c4 Nf6 2. Nc3 c5 3. Nf3 e6 4. g3 b6 5. Bg2 Bb7 6. O-O Be7 7. d4 cxd4 8. Qxd4
d6 9. Bg5 O-O 10. Rfd1 Nc6 11. Qd2 Qb8 12. Rac1 Rd8 13. b3 Ne5 14. Nd4 Bxg2 15.
Kxg2 Qb7+ 16. f3 a6 17. e4 Nc6 18. a4 Nxd4 19. Qxd4 h6 20. Be3 Nd7 21. Qd2 Nc5
22. Qc2 Rac8 23. Rd2 Nd7 24. Qd1 Nc5 25. h4 Bf6 26. Bd4 Be7 27. Rb1 Nd7 28. Qg1
Rc6 29. Qf1 Rcc8 30. Qe2 Nf6 31. Rbd1 Nd7 32. Qd3 Nc5 33. Qb1 Nd7 34. Qd3 Nc5
35. Qb1 Nd7 36. Qd3 1/2-1/2

[Event "4NCL Rapid Indiv 2014"]
[Site "Daventry ENG"]
[Date "2014.10.05"]
[Round "7.6"]
[White "Healey, Michael W"]
[Black "Turner, Matthew J"]
[Result "0-1"]
[BlackTitle "GM"]
[WhiteElo "2111"]
[BlackElo "2482"]
[WhiteFideId "410012"]
[BlackFideId "402893"]
[EventDate "2014.10.05"]

1. e4 c5 2. Nf3 g6 3. Nc3 Bg7 4. Be2 Nc6 5. O-O d6 6. Kh1 Nf6 7. d4 cxd4 8. Nxd4
Nxe4 9. Nxc6 Nxc3 10. Nxd8 Nxd1 11. Nxf7 Kxf7 12. Bxd1 Be6 13. c3 b5 14. Bb3
Rhc8 15. Be3 a5 16. Bxe6+ Kxe6 17. Rae1 Kd7 18. Bg5 e6 19. Re4 Rc4 20. Rfe1 Rxe4
21. Rxe4 b4 22. Rh4 h5 23. g4 bxc3 24. bxc3 Bxc3 25. gxh5 gxh5 26. Rxh5 Rb8 27.
Kg2 Rb2 28. Rh7+ Kc6 29. a4 Bd4 30. Rf7 Ra2 31. h4 Rxa4 32. h5 Rb4 33. h6 a4 34.
Rf4 a3 35. Rxd4 Rxd4 36. h7 a2 37. h8=Q a1=Q 38. Qc8+ Kd5 39. Qb7+ Kc4 40. Qc8+
Kb4 41. Qxe6 Qa8+ 42. Kg3 Qd5 43. Qe1+ Kb5 44. Be3 Qg8+ 45. Kh3 Qg4+ 46. Kh2
Qh5+ 47. Kg2 Qg4+ 48. Kh2 Qh5+ 49. Kg2 Rd1 50. Qc3 Qh1+ 51. Kg3 Rg1+ 52. Kf4
Qh4+ 53. Kf5 Qg4+ 54. Kf6 Qg7+ 0-1

[Event "4NCL Rapid Indiv 2014"]
[Site "Daventry ENG"]
[Date "2014.10.05"]
[Round "7.7"]
[White "Roberson, Peter T"]
[Black "Jones, William E G"]
[Result "1-0"]
[WhiteTitle "IM"]
[WhiteElo "2415"]
[BlackElo "2124"]
[WhiteFideId "412384"]
[BlackFideId "470554"]
[EventDate "2014.10.05"]

1. e4 c5 2. Nc3 a6 3. f4 b5 4. g3 Bb7 5. Bg2 e6 6. d3 b4 7. Nb1 d5 8. Nd2 Nc6 9.
Ngf3 Nf6 10. O-O Be7 11. Qe2 Qb6 12. Kh1 O-O-O 13. c3 a5 14. Ne5 Rhf8 15. exd5
exd5 16. Nxc6 Qxc6 17. Nc4 dxc4 18. Bxc6 Bxc6+ 19. Kg1 Rfe8 20. dxc4 Bf8 21. Be3
h5 22. h3 h4 23. gxh4 g6 24. Rad1 Nh5 25. Rxd8+ Kxd8 26. Qf2 Kc7 27. Rd1 Re4 28.
cxb4 axb4 29. Bxc5 Rxf4 30. Bxf8 Rxf2 31. Kxf2 f5 32. Bxb4 Nf6 33. Ke3 Ne4 34.
Rg1 1-0

[Event "4NCL Rapid Indiv 2014"]
[Site "Daventry ENG"]
[Date "2014.10.05"]
[Round "7.8"]
[White "Martin, Lewis"]
[Black "Jackson, James P"]
[Result "0-1"]
[BlackTitle "FM"]
[WhiteElo "2093"]
[BlackElo "2336"]
[WhiteFideId "410551"]
[BlackFideId "416860"]
[EventDate "2014.10.05"]

1. d4 Nf6 2. c4 c5 3. d5 e6 4. Nc3 exd5 5. cxd5 d6 6. e4 g6 7. Nf3 Bg7 8. Bd3
O-O 9. O-O Bg4 10. h3 Bxf3 11. Qxf3 Nbd7 12. Bf4 Ne8 13. Rfe1 a6 14. Rab1 b5 15.
Bc2 Ne5 16. Qe3 Nc4 17. Qc1 Nc7 18. Bd3 Ne5 19. Bf1 Re8 20. Qc2 Rc8 21. Rbd1 Na8
22. Bh2 Nb6 23. b3 b4 24. Nb1 c4 25. Bxe5 Bxe5 26. Bxc4 Rc5 27. Qd3 Nxc4 28.
bxc4 Qc7 29. Rc1 Rc8 30. Nd2 Bc3 31. Rxc3 bxc3 32. Qxc3 Qe7 33. f4 Rxd5 34. Nb3
Rb5 35. f5 Re5 36. Qd3 Rxf5 37. Rd1 Re5 38. Qxd6 Qxd6 39. Rxd6 Rxc4 40. Rxa6
Rexe4 41. Nd2 Ra4 42. Nxe4 Rxa6 43. Kf2 f5 44. Nc3 Ra3 45. Nd5 Kf7 46. Nb4 Ke6
47. Kg1 Ke5 48. Nc6+ Ke4 49. Nd8 Rxa2 50. Ne6 f4 51. Ng5+ Kf5 52. Nf3 g5 0-1

[Event "4NCL Rapid Indiv 2014"]
[Site "Daventry ENG"]
[Date "2014.10.05"]
[Round "7.9"]
[White "Whatley, Stephen A J"]
[Black "Snape, Ian L"]
[Result "1-0"]
[WhiteElo "1881"]
[BlackElo "2172"]
[WhiteFideId "420441"]
[BlackFideId "404489"]
[EventDate "2014.10.05"]

1. e4 c5 2. Nf3 d6 3. d4 cxd4 4. Nxd4 Nf6 5. Nc3 g6 6. Be3 Bg7 7. f3 O-O 8. Qd2
Nc6 9. O-O-O d5 10. exd5 Nxd5 11. Nxc6 bxc6 12. Bd4 e5 13. Bc5 Be6 14. Ne4 Qb8
15. g4 Rd8 16. Qf2 h6 17. h4 f5 18. gxf5 gxf5 19. Bh3 Nf4 20. Rxd8+ Qxd8 21. Nc3
Qa5 22. a3 Rd8 23. Bxa7 Rd7 24. Bb6 Nxh3 25. Rxh3 Qa6 26. Rg3 Kh8 27. Rg6 Bf7
28. Rxc6 e4 29. fxe4 fxe4 30. Qf5 Qb7 31. Qb5 Re7 32. Be3 Qd7 33. Qb8+ Kh7 34.
Qd6 Qb7 35. Rb6 Qa7 36. Nb5 Qa5 37. Qb4 Qxb4 38. axb4 Re5 39. Nd6 Bh5 40. Nc4
Rf5 41. Nd2 Bf3 42. c3 Rh5 43. Nxf3 exf3 44. Bf2 Be5 45. Re6 Bf4+ 46. Kc2 Rd5
47. Rf6 Rd2+ 48. Kb3 Be5 49. Rxf3 Kg6 50. Bc5 Rh2 51. Be7 h5 52. b5 Bb8 53. Rf6+
Kg7 54. Rf5 Re2 55. Bb4 Kg6 56. Rg5+ Kh6 57. Bf8+ Kh7 58. Rxh5+ Kg8 59. Bb4 Bf4
60. c4 Re3+ 61. Bc3 Bc7 62. c5 1-0

[Event "4NCL Rapid Indiv 2014"]
[Site "Daventry ENG"]
[Date "2014.10.05"]
[Round "7.11"]
[White "Poobalasingam, Peter S"]
[Black "Wadsworth, Matthew J"]
[Result "1-0"]
[WhiteTitle "FM"]
[WhiteElo "2239"]
[BlackElo "2135"]
[WhiteFideId "410683"]
[BlackFideId "415804"]
[EventDate "2014.10.05"]

1. Nf3 d5 2. g3 Nf6 3. Bg2 c6 4. d3 Bf5 5. c3 h6 6. Nbd2 e6 7. O-O Be7 8. Re1
Bh7 9. Qb3 Qb6 10. e4 dxe4 11. dxe4 Nbd7 12. e5 Nd5 13. Nc4 Qxb3 14. axb3 O-O
15. Na5 Rfb8 16. Bd2 Bd8 17. Nd4 Bxa5 18. Rxa5 a6 19. b4 Rc8 20. f4 Rab8 21. Nb3
N7b6 22. Bf1 Rd8 23. c4 Nc7 24. Be3 Nc8 25. Ra3 b6 26. Nd4 Ne7 27. Bg2 c5 28.
bxc5 bxc5 29. Nb3 Bc2 30. Na1 Bd3 31. Bxc5 Nc8 32. Rd1 Rxb2 33. Raxd3 Rxd3 34.
Rxd3 Nb6 35. Rd8+ Kh7 36. Be4+ g6 37. Be7 1-0

[Event "4NCL Rapid Indiv 2014"]
[Site "Daventry ENG"]
[Date "2014.10.05"]
[Round "7.12"]
[White "Mossong, Hubert"]
[Black "Batchelor, Peter J"]
[Result "0-1"]
[WhiteTitle "FM"]
[WhiteElo "2094"]
[BlackElo "2236"]
[WhiteFideId "4000030"]
[BlackFideId "424854"]
[EventDate "2014.10.05"]

1. e4 c6 2. d4 d5 3. e5 Bf5 4. Nc3 a6 5. Bd3 Bxd3 6. Qxd3 e6 7. Nce2 c5 8. c3
Nc6 9. Nf3 Nge7 10. O-O Nf5 11. Ng3 g6 12. Nxf5 gxf5 13. g3 h5 14. h4 Qb6 15. b3
cxd4 16. cxd4 Be7 17. Be3 Rc8 18. Rac1 Kd7 19. Rfd1 Nb4 20. Qb1 Qb5 21. a4 Qe2
22. Kg2 Rxc1 23. Rxc1 Rc8 24. Rxc8 Kxc8 25. Qc1+ Kd7 26. Qd2 Qxd2 27. Bxd2 Nc6
28. Bc3 f6 29. exf6 Bxf6 30. Kf1 b5 31. Ke2 b4 32. Bb2 Na5 33. Nd2 f4 34. Kd3
fxg3 35. fxg3 Be7 36. Kc2 Bd6 37. Nf1 Ke7 38. Bc1 Kf6 39. Bg5+ Kf5 40. Ne3+ Ke4
41. g4 hxg4 42. Nxg4 Nc6 43. Nf6+ Kxd4 44. h5 Ne5 45. Ne8 Nf7 46. Bf6+ Be5 47.
Be7 a5 48. Nc7 Bxc7 49. Kb2 Be5 0-1